Central Library OPAC University of Rajshahi

History of Greece : (Record no. 74474)

MARC details
000 -LEADER
fixed length control field 00721nam a22002417a 4500
001 - CONTROL NUMBER
control field 74474
003 - CONTROL NUMBER IDENTIFIER
rucl marc code BD-RjUL
005 - DATE AND TIME OF LATEST TRANSACTION
control field 20211209082546.0
008 - FIXED-LENGTH DATA ELEMENTS--GENERAL INFORMATION
fixed length control field 181007r20171994ii a|||| |||| 001 0 eng d
020 ## - INTERNATIONAL STANDARD BOOK NUMBER
International Standard Book Number 9788173810404
035 ## - SYSTEM CONTROL NUMBER
System control number (BD-RjUL)74692
040 ## - CATALOGING SOURCE
Original cataloging agency BD-RjUL
Language of cataloging eng
Transcribing agency BD-RjUL
041 ## - LANGUAGE CODE
Language code of text/sound track or separate title eng
082 ## - DEWEY DECIMAL CLASSIFICATION NUMBER
Edition number 22
Classification number 938
Author mark and year CHH 2017
100 ## - MAIN ENTRY--PERSONAL NAME
Personal name Chaudhuri, K C
9 (RLIN) 223301
245 ## - TITLE STATEMENT
Title History of Greece :
Remainder of title 499-404 B.C. /
Statement of responsibility, etc. K C Chaudhuri
250 ## - EDITION STATEMENT
Edition statement 3rd edition.
260 ## - PUBLICATION, DISTRIBUTION, ETC. (IMPRINT)
Place of publication, distribution, etc. Calcutta :
Name of publisher, distributor, etc. New Central Book Agency,
Date of publication, distribution, etc. c1994 [Reprinted 2017]
300 ## - PHYSICAL DESCRIPTION
Pagination 381 pages :
Illustrations maps ;
Size 22 cm
500 ## - GENERAL NOTE
General note Includes index.
651 ## - SUBJECT ADDED ENTRY--GEOGRAPHIC NAME
Geographic name Greece
General subdivision History
Chronological subdivision Athenian supremacy, 479-431 B.C.
9 (RLIN) 223303
942 ## - ADDED ENTRY ELEMENTS (KOHA)
Source of classification or shelving scheme Dewey Decimal Classification
Koha item type Books
Holdings
Lost status Source of classification or shelving scheme Damaged status Not for loan Collection code Permanent Location Current Location Shelving location Date acquired Source of acquisition Cost, normal purchase price Total Checkouts Full call number Date last seen Copy number Koha item type
  Dewey Decimal Classification   Not For Loan Non-fiction Central Library, University of Rajshahi Central Library, University of Rajshahi Reading Room 23/09/2018 Orbital International, Dhaka 326.65   938 CHH 2017 07/10/2018 C-1 Books
  Dewey Decimal Classification     Non-fiction Central Library, University of Rajshahi Central Library, University of Rajshahi   23/09/2018 Orbital International, Dhaka 326.65   938 CHH 2017 07/10/2018 C-2 Books
  Dewey Decimal Classification     Non-fiction Central Library, University of Rajshahi Central Library, University of Rajshahi   23/09/2018 Orbital International, Dhaka 326.65   938 CHH 2017 07/10/2018 C-3 Books
  Dewey Decimal Classification     Non-fiction Central Library, University of Rajshahi Central Library, University of Rajshahi   23/09/2018 Orbital International, Dhaka 326.65   938 CHH 2017 07/10/2018 C-4 Books
  Dewey Decimal Classification     Non-fiction Central Library, University of Rajshahi Central Library, University of Rajshahi   23/09/2018 Orbital International, Dhaka 326.65   938 CHH 2017 07/10/2018 C-5 Books